[Event "N�_LL 2008/09"]
[Site "?"]
[Date "2008.09.28"]
[Round "2"]
[White "Bawart, Markus"]
[Black "Kummer, Helmut"]
[Result "0-1"]
[WhiteElo "2349"]
[BlackElo "2370"]
[Annotator "Bad V�slau/Kottingbrunn : Baden"]
[PlyCount "70"]
[EventDate "2008.10.01"]
[SourceDate "2008.10.01"]

1. Nf3 d5 2. g3 c6 3. Bg2 Bg4 4. O-O Nd7 5. d3 Ngf6 6. h3 Bh5 7. Qe1 e5 8. e4
dxe4 9. dxe4 Bxf3 10. Bxf3 Nc5 11. Nd2 g6 12. Nc4 Bg7 13. Qb4 Qe7 14. Rd1 O-O
15. Be3 b6 16. Bxc5 bxc5 17. Qa4 Qe6 18. Kg2 Rfd8 19. c3 Bf8 20. Na5 Rxd1 21.
Rxd1 Rb8 22. b3 Rb6 23. Rd8 Kg7 24. Ra8 Ra6 25. Be2 Rxa5 26. Qxa5 Nxe4 27. Qd8
Be7 28. Qg8+ Kh6 29. Bc4 Qd7 30. h4 Qd2 31. Qxf7 Bf6 32. Qf8+ Kh5 33. Kf3 Nxf2
34. Be2 Ng4 35. Qxc5 Be7 0-1

[Event "N�_LL 2008/09"]
[Site "?"]
[Date "2008.09.28"]
[Round "2"]
[White "Zojer, Thomas"]
[Black "Herndlbauer, Martin"]
[Result "1-0"]
[WhiteElo "2079"]
[BlackElo "2088"]
[Annotator "Bad V�slau/Kottingbrunn : Baden"]
[PlyCount "75"]
[EventDate "2008.10.01"]
[SourceDate "2008.10.01"]

1. d4 d5 2. Nf3 Nf6 3. e3 Bf5 4. Bd3 Bg6 5. O-O e6 6. b3 Bd6 7. Bb2 Bh5 8. Nbd2
Nbd7 9. e4 Bf4 10. e5 Bxd2 11. Qxd2 Bxf3 12. exf6 Bh5 13. fxg7 Rg8 14. Bxh7
Rxg7 15. Qh6 Qg5 16. Qxg5 Rxg5 17. Bd3 Bf3 18. g3 Nf6 19. Rfe1 Ng4 20. h4 Kd7
21. Be2 Rf5 22. Bxf3 Rxf3 23. Re2 Rg8 24. Kg2 Rf5 25. f3 Nf6 26. Rg1 Rf4 27.
Rh1 Nh5 28. g4 Rf6 29. Bc1 Rfg6 30. Kf2 Nf6 31. h5 R6g7 32. Ree1 Ne8 33. Reg1
Nd6 34. Bf4 Nb5 35. Be5 Rh7 36. c4 dxc4 37. bxc4 Nd6 38. c5 1-0

[Event "N�_LL 2008/09"]
[Site "?"]
[Date "2008.09.28"]
[Round "2"]
[White "Perndl, Johann"]
[Black "Lampl, Gerhard"]
[Result "0-1"]
[WhiteElo "1995"]
[BlackElo "2155"]
[Annotator "Bad V�slau/Kottingbrunn : Baden"]
[PlyCount "114"]
[EventDate "2008.10.01"]
[SourceDate "2008.10.01"]

1. e4 d5 2. exd5 Qxd5 3. Nc3 Qd6 4. Nf3 c6 5. d4 Bg4 6. Bc4 Nf6 7. Be3 Nbd7 8.
h3 Bh5 9. Qe2 e6 10. Bb3 Qc7 11. g4 Bg6 12. Nh4 Bb4 13. Nxg6 hxg6 14. Bd2 O-O-O
15. O-O-O Nb6 16. a3 Bd6 17. Qf3 Rd7 18. Ne4 Nxe4 19. Qxe4 c5 20. dxc5 Bxc5 21.
Bf4 Qc6 22. Qxc6+ bxc6 23. f3 Nd5 24. Be5 f6 25. Bg3 Rhd8 26. c3 e5 27. Bc2
Be3+ 28. Kb1 Kc7 29. Rhe1 Bf4 30. Bf2 Rb8 31. Ka2 Rh8 32. h4 g5 33. h5 a6 34.
c4 Ne7 35. Rxd7+ Kxd7 36. Rd1+ Kc7 37. Bc5 Nc8 38. Bf5 Rd8 39. Rxd8 Kxd8 40.
Bf8 Ne7 41. Be4 Ke8 42. Bxg7 Kf7 43. h6 Be3 44. b4 Bb6 45. Bd3 c5 46. b5 a5 47.
Be4 Bc7 48. Kb3 Bd8 49. b6 Bxb6 50. Ka4 Nc8 51. Kb5 Bd8 52. Kxc5 Be7+ 53. Kd5
Bxa3 54. c5 Bb4 55. Kc4 Ne7 56. c6 Bd6 57. Kb5 Bc7 {
Rest nicht lesbar, 1:0 im 64.Zug} 0-1

[Event "N�_LL 2008/09"]
[Site "?"]
[Date "2008.09.28"]
[Round "2"]
[White "Zojer, Stefan"]
[Black "Cika, Aragon"]
[Result "1-0"]
[WhiteElo "2044"]
[BlackElo "1949"]
[Annotator "Bad V�slau/Kottingbrunn : Baden"]
[PlyCount "133"]
[EventDate "2008.10.01"]
[SourceDate "2008.10.01"]

1. e4 d6 2. d4 Nf6 3. Nc3 c5 4. Nf3 Nc6 5. dxc5 Qa5 6. cxd6 exd6 7. Bd2 Qd8 8.
h3 Be7 9. Bf4 O-O 10. Bc4 Be6 11. Bd5 Bxd5 12. exd5 Nb8 13. O-O Nbd7 14. Re1
Re8 15. Nd4 Bf8 16. Rxe8 Qxe8 17. Ndb5 Qb8 18. Qf3 Ne5 19. Qe2 a6 20. Nd4 Qc7
21. Nf3 Nc4 22. b3 Nb6 23. Qd3 Rc8 24. Bd2 Qc5 25. Rd1 Nbxd5 26. Nxd5 Qxd5 27.
Qxd5 Nxd5 28. c4 Nf6 29. Bf4 b5 30. Bxd6 bxc4 31. Bxf8 Kxf8 32. Rc1 c3 33. Nd4
Nd5 34. Kf1 a5 35. a3 Re8 36. g3 f6 37. Nb5 Rc8 38. Ke2 Ke7 39. Kd3 Rc5 40.
Nxc3 Nxc3 41. Rxc3 Rf5 42. Rc2 Kd6 43. f4 Rd5+ 44. Ke3 Rb5 45. Rc3 Rh5 46. h4
g5 47. Kf3 gxh4 48. Kg4 Rb5 49. Kxh4 Kd5 50. b4 axb4 51. axb4 Rxb4 52. Rc7 Rb1
53. Re7 Rh1+ 54. Kg4 h5+ 55. Kf5 Rh3 56. Kxf6 Rxg3 57. Re5+ Kd6 58. Rxh5 Rf3
59. f5 Kd7 60. Kf7 Rf2 61. f6 Kd6 62. Ra5 Rf1 63. Ra6+ Kd7 64. Kf8 Rg1 65. Ra7+
Ke6 66. f7 Rf1 67. Ke8 1-0

[Event "N�_LL 2008/09"]
[Site "?"]
[Date "2008.09.28"]
[Round "2"]
[White "Ganaus, Hannes"]
[Black "Spacek, Petr"]
[Result "1/2-1/2"]
[WhiteElo "2299"]
[BlackElo "2394"]
[Annotator "Krems : St.P�lten"]
[PlyCount "47"]
[EventDate "2008.10.01"]
[SourceDate "2008.10.09"]

1. d4 d6 2. c4 e5 3. dxe5 dxe5 4. Qxd8+ Kxd8 5. Nc3 c6 6. g3 f6 7. f4 Be6 8.
fxe5 Bxc4 9. Nf3 Nd7 10. Bh3 Nxe5 11. Bf4 Ng6 12. O-O-O+ Ke8 13. Rd4 Nxf4 14.
gxf4 Ba6 15. Rhd1 Be7 16. Re4 g6 17. Bd7+ Kf8 18. Nd4 f5 19. Ne6+ Kf7 20. Re3
Nf6 21. Ng5+ Kf8 22. Ne6+ Kf7 23. Ng5+ Kf8 24. Ne6+ 1/2-1/2

[Event "N�_LL 2008/09"]
[Site "?"]
[Date "2008.09.28"]
[Round "2"]
[White "Mahdy, Khaled"]
[Black "Denk, Adolf"]
[Result "1-0"]
[WhiteElo "2388"]
[BlackElo "2224"]
[Annotator "Krems : St.P�lten"]
[PlyCount "41"]
[EventDate "2008.10.01"]
[SourceDate "2008.10.09"]

1. e4 c5 2. Nf3 Nc6 3. Bb5 g6 4. O-O Bg7 5. Bxc6 dxc6 6. d3 Nf6 7. h3 O-O 8.
Nc3 h6 9. Be3 b6 10. Qd2 Kh7 11. Rad1 Qc7 12. Nh2 e5 13. f4 exf4 14. Bxf4 Qe7
15. Nf3 Nd7 16. e5 g5 17. Bh2 Re8 18. Ne4 Kg8 19. Nd6 Rd8 20. Nf5 Qf8 21. Nxg5
1-0

[Event "N�_LL 2008/09"]
[Site "?"]
[Date "2008.09.28"]
[Round "2"]
[White "R�hrl, Karl"]
[Black "W�ber, Friedrich"]
[Result "1-0"]
[WhiteElo "2218"]
[BlackElo "2231"]
[Annotator "Krems : St.P�lten"]
[PlyCount "30"]

1. e4 e5 2. Nc3 Nc6 3. Nf3 g6 4. d4 exd4 5. Nxd4 Bg7 6. Be3 Nf6 7. Be2 O-O 8.
Qd2 Re8 9. f3 d5 10. Nxc6 bxc6 11. O-O Qe7 12. Bf2 dxe4 13. fxe4 Nxe4 14. Nxe4
Qxe4 15. Bf3 Qc4 {Rest nicht lesbar} 1-0

[Event "N�_LL 2008/09"]
[Site "?"]
[Date "2008.09.28"]
[Round "2"]
[White "Gruszka, Herbert"]
[Black "J�nger, Heinz"]
[Result "0-1"]
[WhiteElo "1990"]
[BlackElo "2093"]
[Annotator "Krems : St.P�lten"]
[PlyCount "72"]
[EventDate "2008.10.01"]
[SourceDate "2008.10.09"]

1. e4 c5 2. Nf3 e6 3. d4 cxd4 4. Nxd4 a6 5. c4 Nf6 6. Bd3 Qc7 7. Nc3 d6 8. O-O
Nbd7 9. Nf3 Be7 10. h3 h6 11. Be3 b6 12. Rc1 Bb7 13. b4 Rc8 14. a3 Qb8 15. Qe2
g5 16. g4 h5 17. Nxg5 hxg4 18. hxg4 d5 19. f4 dxc4 20. Bc2 Rh4 21. Nf3 Rxg4+
22. Kf2 Nh5 23. Rg1 Nxf4 24. Bxf4 Qxf4 25. Rxg4 Qxg4 26. Rg1 Qf4 27. Rg8+ Bf8
28. Ke1 Nf6 29. Rh8 Ng4 30. Kf1 Qc1+ 31. Nd1 Rd8 32. Kg2 Rxd1 33. Bxd1 Qxd1 34.
Qxd1 Ne3+ 35. Kg3 Nxd1 36. Kf4 f6 {Rest nicht lesbar} 0-1

[Event "N�_LL 2008/09"]
[Site "Amstetten"]
[Date "2008.09.28"]
[Round "2"]
[White "Kleiser, Gregor"]
[Black "Rumpl, Erwin"]
[Result "1-0"]
[WhiteElo "2285"]
[BlackElo "2271"]
[Annotator "Amstetten-Niederabsdorf"]
[PlyCount "121"]
[EventDate "2008.09.28"]
[EventType "team"]
[EventRounds "11"]
[SourceDate "2008.09.28"]

1. d4 g6 2. Nf3 Bg7 3. Bf4 d6 4. e3 Nc6 5. c3 e5 6. dxe5 Nxe5 7. Nxe5 Bxe5 8.
Bxe5 dxe5 9. Qxd8+ Kxd8 10. Na3 Nh6 11. Be2 Be6 12. Nc4 Bxc4 13. Bxc4 Ke7 14.
Ke2 Nf5 15. h4 h5 16. Rad1 Rad8 17. g3 Rd6 18. Rxd6 Nxd6 19. Bb3 c6 20. Rd1 Ne4
21. Bc2 Nf6 22. f4 exf4 23. gxf4 Re8 24. Kf3 Kf8 25. e4 Re7 26. Rd8+ Kg7 27. a4
Rd7 28. Rxd7 Nxd7 29. b4 f6 30. Bb3 b6 31. Be6 Nf8 32. Bc8 Kf7 33. f5 gxf5 34.
Bxf5 Ne6 35. b5 c5 36. Ke3 Ke7 37. Bg6 Ng7 38. c4 Kd6 39. Kf4 Ke6 40. Bh7 Ke7
41. Bg8 Kd6 42. Bd5 Ke7 43. e5 Ne6+ 44. Ke4 Nd4 45. Kf4 Ne2+ 46. Ke3 Nd4 47.
Ke4 Ne2 48. Bc6 Ng3+ 49. Kf4 Ne2+ 50. Ke3 Ng3 51. Kf4 Ne2+ 52. Kf3 Nd4+ 53. Ke4
Ne2 54. exf6+ Kxf6 55. Be8 Ke7 56. Bxh5 Ng3+ 57. Kd5 Nxh5 58. Kc6 Nf6 59. Kb7
Kd6 60. Kxa7 Kc7 61. h5 1-0

[Event "N�_LL 2008/09"]
[Site "Amstetten"]
[Date "2008.09.28"]
[Round "2"]
[White "Poetz, Florian"]
[Black "Wadsack, Wolfgang"]
[Result "1-0"]
[WhiteElo "2173"]
[BlackElo "2201"]
[Annotator "Amstetten-Niederabsdorf"]
[PlyCount "125"]
[EventDate "2008.09.28"]
[EventType "team"]
[EventRounds "11"]
[SourceDate "2008.09.28"]

1. e4 d5 2. exd5 Nf6 3. Nf3 Nxd5 4. d4 Bg4 5. h3 Bh5 6. c4 Nb6 7. Nc3 Bxf3 8.
Qxf3 Nc6 9. d5 Nd4 10. Qe4 e5 11. Qxe5+ Qe7 12. Qxe7+ Bxe7 13. Bd3 O-O-O 14.
Be3 Nc6 15. O-O-O Ne5 16. Be2 Rhe8 17. Kc2 f5 18. Nb5 Kb8 19. Nd4 g6 20. g4 Bh4
21. Bd3 Nxd3 22. Kxd3 f4 23. Bxf4 Bxf2 24. Rh2 Bxd4 25. Kxd4 Rd7 26. b3 a5 27.
Rd3 Rf7 28. Bg3 Rf1 29. Kc5 Nc8 30. Kb5 Rf6 31. Kxa5 Rb6 32. Rf2 Nd6 33. Bxd6
Rxd6 34. Kb4 h5 35. gxh5 gxh5 36. Rf5 Rh6 37. Rdf3 Re2 38. a4 b6 39. R3f4 Re3
40. Rf3 Re2 41. Kb5 Kb7 42. Rf7 Re8 43. Rg7 h4 44. Rff7 Rc8 45. Rh7 Rg6 46.
Rxh4 Rg3 47. Kb4 Ka6 48. Rhh7 Rd3 49. h4 Rh3 50. h5 Rd3 51. h6 Rh3 52. Rxc7
Rxc7 53. Rxc7 Rxh6 54. Rc6 Rh5 55. a5 Ka7 56. Rxb6 Rh1 57. Kb5 Rh7 58. d6 Rh5+
59. c5 Rh6 60. b4 Rg6 61. Kc6 Rg7 62. b5 Ka8 63. Ra6+ 1-0

[Event "N�_LL 2008/09"]
[Site "Amstetten"]
[Date "2008.09.28"]
[Round "2"]
[White "Wadsack, Winfried"]
[Black "Hansen, Kay"]
[Result "0-1"]
[WhiteElo "2120"]
[BlackElo "2211"]
[Annotator "Amstetten-Niederabsdorf"]
[PlyCount "52"]
[EventDate "2008.09.28"]
[EventType "team"]
[EventRounds "11"]
[SourceDate "2008.09.28"]

1. e4 c6 2. d4 d5 3. exd5 cxd5 4. c4 Nf6 5. Nc3 Nc6 6. Bg5 dxc4 7. d5 Na5 8.
Bxc4 Nxc4 9. Qa4+ Bd7 10. Qxc4 Qb6 11. Nge2 Rc8 12. Qd3 g6 13. O-O Bg7 14. Be3
Qa5 15. a3 O-O 16. b4 Qc7 17. Rac1 Bf5 18. Qd2 b6 19. h3 Qb7 20. Ng3 Qd7 21.
Rfd1 Rc4 22. Nxf5 Qxf5 23. Bd4 Ne4 24. Qe3 Nxf2 25. Bxg7 Nxd1 26. Qh6 Qf2+ 0-1

[Event "N�_LL 2008/09"]
[Site "?"]
[Date "2008.09.28"]
[Round "2"]
[White "Vyskocil, Neklan"]
[Black "Schroll, Gerhard"]
[Result "1/2-1/2"]
[WhiteElo "2365"]
[BlackElo "2395"]
[Annotator "Wr.Neustadt : Zwettl"]
[PlyCount "46"]
[EventDate "2008.09.28"]
[SourceDate "2008.09.28"]

1. e4 e5 2. Nf3 Nc6 3. d4 exd4 4. Bc4 Nf6 5. e5 d5 6. Bb5 Ne4 7. Nxd4 Bd7 8.
Bxc6 bxc6 9. O-O Bc5 10. f3 Ng5 11. f4 Ne6 12. c3 f5 13. Be3 O-O 14. Qd2 Bb6
15. Qf2 Qe7 16. Nxe6 Bxe6 17. Nd2 c5 18. Nb3 c4 19. Nc5 Rfb8 20. b4 a5 21. a3
Bxc5 22. Bxc5 Qe8 23. Qc2 a4 1/2-1/2

[Event "N�_LL 2008/09"]
[Site "?"]
[Date "2008.09.28"]
[Round "2"]
[White "Steiner, Adam"]
[Black "Mlynek, Petr"]
[Result "1-0"]
[WhiteElo "2184"]
[BlackElo "2196"]
[Annotator "Wr.Neustadt : Zwettl"]
[PlyCount "63"]
[EventDate "2008.??.??"]

1. e4 c6 2. d4 d5 3. e5 Bf5 4. Nf3 e6 5. a3 Nd7 6. Be2 Ne7 7. O-O c5 8. dxc5
Nc6 9. b4 Ncxe5 10. Bb2 Nxf3+ 11. Bxf3 Nf6 12. c4 Be7 13. Nc3 Be4 14. cxd5 exd5
15. Qa4+ Kf8 16. Nxe4 dxe4 17. Rad1 Qe8 18. Qxe8+ Rxe8 19. Be2 h5 20. Bb5 Rc8
21. Rfe1 Rh6 22. Kf1 a5 23. Bxf6 Rxf6 24. Rd7 axb4 25. axb4 Rb8 26. Rxe4 Re6
27. Rxe6 fxe6 28. Bc4 Kf7 29. Ke2 Kf6 30. Kf3 b6 31. c6 Rf8 32. c7 1-0

[Event "N�_LL 2008/09"]
[Site "?"]
[Date "2008.09.28"]
[Round "2"]
[White "Vykydal, Frantisek"]
[Black "Posch, Werner"]
[Result "1/2-1/2"]
[WhiteElo "2242"]
[BlackElo "2198"]
[Annotator "Wr.Neustadt : Zwettl"]
[PlyCount "34"]
[EventDate "2008.??.??"]

1. e4 Nf6 2. d3 e5 3. Nf3 Nc6 4. Be2 Bc5 5. O-O d6 6. Nc3 a6 7. Bg5 h6 8. Be3
Bg4 9. Nd2 Bxe2 10. Qxe2 Nd4 11. Qd1 Qd7 12. Ne2 Ne6 13. Bxc5 Nxc5 14. Nc4 Ne6
15. f4 exf4 16. Nxf4 O-O-O 17. Nxe6 Qxe6 1/2-1/2

[Event "N�_LL 2008/09"]
[Site "?"]
[Date "2008.09.28"]
[Round "2"]
[White "Groetz, Harald"]
[Black "Sadilek, Peter"]
[Result "1-0"]
[WhiteElo "2364"]
[BlackElo "2167"]
[Annotator "Stockerau : Bisamberg/Korneuburg"]
[PlyCount "84"]
[EventDate "2008.??.??"]
[TimeControl "40/1800+30:20/1800:900"]

1. e4 e6 2. d4 d5 3. Nd2 Nf6 4. e5 Nfd7 5. c3 c5 6. Bd3 Nc6 7. Ne2 cxd4 8. cxd4
f6 9. exf6 Nxf6 10. Nf3 Bd6 11. O-O O-O 12. Bf4 Bxf4 13. Nxf4 Ne4 14. g3 Qf6
15. h4 h6 (15... Nxd4 16. Bxe4 dxe4 17. Nxd4 e5 18. Nd5 Qf7 19. Nb5 Bh3 20. Nd6
Qd7 21. Ne3) 16. Bxe4 dxe4 17. Ne5 Rd8 18. Nxc6 bxc6 19. Qc2 Rb8 20. b3 Ba6 (
20... Rxd4 21. Qxc6 e5 22. Nd5 Qd8 (22... Qf7 23. Qd6 Rb7 24. Qd8+ Qf8 25.
Qxf8+ Kxf8 26. Ne3) 23. Ne3 Bh3 24. Rfd1 Rc8 25. Qa6 Qe7) 21. Rfe1 g5 22. Nh5 (
22. hxg5 hxg5 23. Ng2 (23. Ne2 Bd3) (23. Nh5 Qf3 24. Qxc6) 23... Bd3 24. Qxc6
Rbc8) 22... Qf7 (22... Qf3 23. Qxc6 Bc8 24. Qc7 Bd7 25. hxg5 Qxh5) 23. Qxe4
Qxh5 24. Qxe6+ Qf7 25. Qxh6 Rf8 (25... Rxd4 26. Qxg5+ Qg7 27. Qxg7+ Kxg7 28.
Re7+ Kf6 29. Rxa7 Be2) (25... gxh4 26. Re4 Qg7 27. Qe6+) 26. Qxg5+ Kh8 27. f4
Rbe8 (27... Rb5 28. Qh6+ Kg8 29. Re6) 28. Re5 Rxe5 29. Qxe5+ Kg8 30. Re1 Bd3
31. Qg5+ Qg7 32. Qxg7+ Kxg7 33. Re3 Bb1 34. Re7+ Kf6 35. Rxa7 Kf5 36. Kf2 Ke4
37. a3 Bc2 38. Rc7 Kd5 39. b4 Bd1 40. Rd7+ Ke6 41. Ra7 Kd5 42. Rg7 Kxd4 (42...
Ke4 43. Re7+ Kd3 44. Re5 (44. Rd7 Re8 45. d5 Bg4 46. dxc6+ Bxd7 47. cxd7 Rd8
48. Kf3 Rxd7 49. f5) 44... Kxd4 45. Re6) 1-0

[Event "N�_LL 2008/09"]
[Site "?"]
[Date "2008.09.28"]
[Round "2"]
[White "Sadilek, Maximilian"]
[Black "Wetscherek, Gerhard"]
[Result "0-1"]
[WhiteElo "2156"]
[BlackElo "2107"]
[Annotator "Stockerau : Bisamberg/Korneuburg"]
[PlyCount "80"]
[EventDate "2008.??.??"]
[TimeControl "40/1800+30:20/1800:900"]

1. e4 {[%emt 0:00:00]} d6 2. d4 g6 3. Nc3 Bg7 4. f4 c6 5. Nf3 Bg4 6. Be3 e6 7.
h3 Bxf3 8. Qxf3 Ne7 9. Bd3 d5 10. e5 a6 11. Bf2 Nd7 12. g4 c5 13. dxc5 Qa5 14.
O-O Nxc5 15. Rae1 Nd7 16. Kg2 Rc8 17. Bg3 Nc6 18. a3 Qb6 19. Nxd5 Qxb2 20. Ne3
O-O 21. Nc4 Qc3 22. Nd6 Rc7 23. Rf2 Qxe1 24. Rf1 Qc3 25. Ne4 Qxa3 26. g5 Nd4
27. Qf2 Nf5 28. Nf6+ Bxf6 29. gxf6 Qc5 30. Qf3 Qe3 31. Qg4 Qxg3+ 32. Qxg3 Nxg3
33. Kxg3 Nc5 34. f5 Nxd3 35. fxe6 Nxe5 36. e7 Re8 37. Kf4 Nc6 38. Kg5 Rexe7 39.
fxe7 Rxe7 40. Rd1 Kg7 0-1

[Event "N�_LL 2008/09"]
[Site "?"]
[Date "2008.09.28"]
[Round "2"]
[White "Pammer, Andreas"]
[Black "Schmid, Thomas"]
[Result "0-1"]
[WhiteElo "2120"]
[BlackElo "2188"]
[Annotator "Stockerau : Bisamberg/Korneuburg"]
[PlyCount "86"]
[EventDate "2008.??.??"]
[TimeControl "40/1800+30:20/1800:900"]

1. c4 Nf6 2. Nc3 g6 3. e4 d6 4. d4 Bg7 5. h3 O-O 6. Bg5 a5 7. Qd2 Na6 8. Rd1
Qe8 9. Bd3 e5 10. d5 Nd7 11. g4 f5 12. gxf5 gxf5 13. Bh6 Ndc5 14. Qg5 Qg6 15.
Qxg6 hxg6 16. Bxg7 Kxg7 17. Nge2 Rh8 18. h4 Nxd3+ 19. Rxd3 Nc5 20. Rg3 fxe4 21.
b3 Bf5 22. Rg5 Kf6 23. Ng3 Rh6 24. Nb5 Na6 25. Nc3 Nc5 26. Nb5 Nd3+ 27. Kf1 Rc8
28. Nxf5 gxf5 29. Rhg1 Rh7 30. Rg6+ Kf7 31. R6g5 Kf6 32. Rg6+ Kf7 33. R6g5 f4
34. h5 f3 35. Rf5+ Ke7 36. h6 Rf8 37. Rfg5 Rxh6 38. Nxc7 Rh2 39. R1g3 Rxf2+ 40.
Kg1 Rxa2 41. Rg7+ Rf7 42. Rxf7+ Kxf7 43. Ne6 Ra1+ 0-1

[Event "N�_LL 2008/09"]
[Site "?"]
[Date "2008.09.28"]
[Round "2"]
[White "Trkulja, Zoran"]
[Black "Hangweyrer, Manfred"]
[Result "0-1"]
[WhiteElo "2211"]
[BlackElo "2323"]
[Annotator "Stockerau : Bisamberg/Korneuburg"]
[PlyCount "124"]
[EventDate "2008.??.??"]
[TimeControl "40/1800+30:20/1800:900"]

1. e4 {[%emt 0:00:00]} d5 2. exd5 Qxd5 3. Nc3 Qd8 4. g3 Nf6 5. Bg2 e5 6. Nge2
Nc6 7. d3 Be6 8. O-O Qd7 9. Be3 Bh3 10. d4 Bxg2 11. Kxg2 O-O-O 12. dxe5 Qf5 13.
Qc1 Qxe5 14. Bf4 Qf5 15. Bg5 Be7 16. Qf4 Qg6 17. Bxf6 Bxf6 18. Rad1 Qg5 19.
Qxg5 Bxg5 20. Ne4 Be7 21. Nf4 Rhe8 22. Rxd8+ Rxd8 23. Re1 f5 24. Nc3 Bb4 25.
Nd3 Bxc3 26. bxc3 b6 27. Kf3 Rd5 28. Kf4 Kd8 29. h4 Ra5 30. Nc1 Ne7 31. Rd1+
Ke8 32. c4 Ra4 33. Ke3 Rxc4 34. Kd3 Re4 35. f3 Re6 36. Kc4 c6 37. Rd3 Nd5 38.
Kb3 Re1 39. c4 Ne3 40. Rc3 Nd1 41. Rd3 Nf2 42. Rc3 c5 43. Kc2 Nh1 44. Kd2 Rg1
45. Ra3 Rg2+ 46. Ke3 Nxg3 47. Rxa7 Rc2 48. Nd3 Nh5 49. Ne5 Rc1 50. Kd2 Rh1 51.
Ra6 Rxh4 52. Rxb6 Rh2+ 53. Ke3 Rxa2 54. Rb5 Ra3+ 55. Kf2 Ke7 56. Rxc5 Nf4 57.
Rb5 Kf6 58. Nd7+ Kg5 59. c5 Rc3 60. Ke1 h5 61. Rb8 h4 62. Rg8 g6 0-1

[Event "N�_LL 2008/09"]
[Site "?"]
[Date "2008.09.28"]
[Round "2"]
[White "Penz, Harald"]
[Black "Hellmayr, Alois"]
[Result "1-0"]
[WhiteElo "2323"]
[BlackElo "2306"]
[Annotator "B�hlerwerk : Mauerbach"]
[PlyCount "182"]
[EventDate "2008.10.01"]
[SourceDate "2008.10.17"]

1. e4 c5 2. Nf3 e6 3. c3 d5 4. exd5 Qxd5 5. d4 cxd4 6. cxd4 Nf6 7. Nc3 Qd6 8.
Ne5 Qd8 9. Be2 Nbd7 10. O-O Be7 11. a4 O-O 12. a5 Bb4 13. a6 Nxe5 14. dxe5 Nd7
15. Bf3 Rb8 16. axb7 Bxb7 17. Rxa7 Bxc3 18. bxc3 Bxf3 19. Qxd7 Qxd7 20. Rxd7
Bd5 21. Ba3 Rfc8 22. Bb4 Rb7 23. Rxb7 Bxb7 24. Rd1 Bd5 25. f3 f6 26. exf6 gxf6
27. Kf2 Kf7 28. Ke3 Ke8 29. g4 Rc4 30. Ra1 Rc7 31. h4 Kd7 32. g5 fxg5 33. hxg5
e5 34. f4 Ke6 35. Ra6+ Rc6 36. Ra7 exf4+ 37. Kxf4 Rc4+ 38. Ke3 Be4 39. Re7+ Kf5
40. Rxh7 Kxg5 41. Ra7 Bf5 42. Be7+ Kg6 43. Kd2 Kf7 44. Bc5+ Ke6 45. Bd4 Be4 46.
Ra5 Bd5 47. Kd3 Rc6 48. Ra4 Kd6 49. Ra5 Ke6 50. Bc5 Kd7 51. Kd4 Be6 52. Ra1 Rc8
53. c4 Rc7 54. Rh1 Bf7 55. Rh7 Kc6 56. Rh6+ Kb7 57. Rb6+ Kc8 58. Rb5 Rd7+ 59.
Kc3 Rd1 60. Be3 Rd7 61. Bf4 Rb7 62. Rf5 Rd7 63. Rf6 Be8 64. Rb6 Rb7 65. Re6 Bf7
66. Rf6 Be8 67. Re6 Bd7 68. Ra6 Kd8 69. c5 Bb5 70. Ra8+ Kd7 71. Kd4 Bc6 72. Rh8
Rb4+ 73. Ke5 Re4+ 74. Kf5 Re8 75. Rh6 Be4+ 76. Kg5 Re6 77. Rh8 Rg6+ 78. Kh5 Re6
79. Rb8 Bc6 80. Kg5 Re8 81. Rb2 Rf8 82. Rd2+ Kc8 83. Bd6 Rf7 84. Ra2 Kd7 85.
Kg6 Rf1 86. Ra7+ Ke6 87. Re7+ Kd5 88. Re5+ Kc4 89. Re2 Kd5 90. Be7 Kc4 91. Rc2+
Kd5 1-0

[Event "N�_LL 2008/09"]
[Site "?"]
[Date "2008.09.28"]
[Round "2"]
[White "Heimberger, Reinhard"]
[Black "Ponjican, Erich"]
[Result "1-0"]
[WhiteElo "2219"]
[BlackElo "2117"]
[Annotator "B�hlerwerk : Mauerbach"]
[PlyCount "72"]
[EventDate "2008.10.01"]
[SourceDate "2008.10.17"]

1. c4 c6 2. b3 d5 3. Bb2 Bf5 4. Nf3 e6 5. g3 Nf6 6. Bg2 h6 7. O-O Nbd7 8. Nc3
Be7 9. d3 O-O 10. Qc2 Qa5 11. e4 dxe4 12. dxe4 Bh7 13. Qe2 e5 14. Nh4 Rfd8 15.
Nf5 Bf8 16. a3 Qc7 17. Na4 a5 18. Rac1 Nc5 19. Nxc5 Bxc5 20. Rcd1 Bg6 21. Kh1
Nd7 22. Nh4 Nf8 23. f4 exf4 24. gxf4 Rxd1 25. Qxd1 Qd7 26. Qxd7 Nxd7 27. Nxg6
fxg6 28. e5 Kf7 29. e6+ Kxe6 30. Bh3+ Ke7 31. Re1+ Kf8 32. Bxd7 Rd8 33. Bg4 Rd3
34. Bd1 Rd2 35. Bc3 Rd3 36. Bxa5 Bxa3 {Zeit} 1-0

[Event "N�_LL 2008/09"]
[Site "?"]
[Date "2008.09.28"]
[Round "2"]
[White "Descovich, Nicolai"]
[Black "Ebner, Johann"]
[Result "1-0"]
[WhiteElo "2072"]
[BlackElo "2055"]
[Annotator "B�hlerwerk : Mauerbach"]
[PlyCount "113"]
[EventDate "2008.10.01"]
[SourceDate "2008.10.17"]

1. e4 e6 2. d3 d5 3. Nd2 Nf6 4. Ngf3 dxe4 5. dxe4 Bc5 6. Bd3 e5 7. Nb3 Bd6 8.
h3 h6 9. Be3 O-O 10. Qe2 a5 11. a3 Nc6 12. g4 Nh7 13. Rg1 Ng5 14. Nxg5 hxg5 15.
Bc4 a4 16. Nc5 Nd4 17. Bxd4 exd4 18. Nd3 c6 19. O-O-O b5 20. Ba2 Qe7 21. Kb1
Ba6 22. e5 b4 23. Qe1 Bxd3 24. exd6 Bxc2+ 25. Kxc2 b3+ 26. Kd3 Qxe1 27. Rgxe1
bxa2 28. Kxd4 Rab8 29. Rd2 Rb5 30. Ra1 Rd5+ 31. Kc3 Rxd2 32. Kxd2 Rd8 33. Rxa2
Rxd6+ 34. Kc3 Rf6 35. b3 Rf3+ 36. Kb4 Rxb3+ 37. Kxa4 Rxh3 38. Kb4 Rf3 39. a4
Rf4+ 40. Kc5 Rxg4 41. a5 Re4 42. a6 Re8 43. a7 Ra8 44. Kxc6 f5 45. Kb7 Rf8 46.
a8=Q Rxa8 47. Rxa8+ Kf7 48. Kc6 Kg6 49. Kd5 Kh5 50. Ke5 g6 51. Ra4 f4 52. Ke4
Kg4 53. Ra5 Kh4 54. Kf3 Kh5 55. Ra7 Kh6 56. Kg4 f3 57. Kxf3 1-0

[Event "N�_LL 2008/09"]
[Site "?"]
[Date "2008.09.28"]
[Round "2"]
[White "Neumann, Christian"]
[Black "Tatzmann, Peter"]
[Result "1/2-1/2"]
[WhiteElo "1953"]
[BlackElo "2035"]
[Annotator "B�hlerwerk : Mauerbach"]
[PlyCount "32"]
[EventDate "2008.10.01"]
[SourceDate "2008.10.17"]

1. e4 c5 2. Nf3 Nc6 3. d4 cxd4 4. Nxd4 e5 5. Nb5 d6 6. N1c3 a6 7. Na3 b5 8. Nd5
Nf6 9. Bg5 Be7 10. Bxf6 Bxf6 11. Be2 Bb7 12. O-O O-O 13. c3 Bg5 14. Qd3 Ne7 15.
c4 Nxd5 16. cxd5 Rc8 1/2-1/2

[Event "N�_LL 2008/09"]
[Site "?"]
[Date "2008.10.12"]
[Round "2"]
[White "Rumpl, Erwin"]
[Black "Bawart, Markus"]
[Result "0-1"]
[WhiteElo "2271"]
[BlackElo "2349"]
[Annotator "Baden : Amstetten"]
[PlyCount "100"]
[EventDate "2008.10.01"]
[SourceDate "2008.10.17"]

1. Nf3 Nf6 2. g3 g6 3. b3 Bg7 4. Bb2 O-O 5. Bg2 d6 6. d4 Nbd7 7. O-O e5 8. dxe5
Ng4 9. Nbd2 Ngxe5 10. Qc1 Re8 11. h3 Nxf3+ 12. Nxf3 Bxb2 13. Qxb2 Qf6 14. Qxf6
Nxf6 15. e3 Ne4 16. Rfd1 a5 17. Nd4 Bd7 18. a4 f5 19. Ne2 Re5 20. Nf4 Bc6 21.
Nd3 Re7 22. Nf4 Re5 23. Nd3 Re7 24. Nf4 Kg7 25. Nd5 Bxd5 26. Rxd5 Kf6 27. g4
Re5 28. Rxe5 Kxe5 29. Rd1 c6 30. f4+ Ke6 31. gxf5+ gxf5 32. Bxe4 fxe4 33. Kf2
b5 34. axb5 cxb5 35. Ke2 Rg8 36. Kf2 Rc8 37. Rc1 Kd5 38. c3 a4 39. Rd1+ Kc5 40.
bxa4 bxa4 41. Ke2 Rb8 42. Rd4 Rb2+ 43. Kd1 a3 44. Kc1 Re2 45. Ra4 a2 46. f5 Kb5
47. Ra3 Kc4 48. f6 Rf2 49. f7 Rxf7 50. Rxa2 Rf1+ 0-1

[Event "N�_LL 2008/09"]
[Site "?"]
[Date "2008.10.12"]
[Round "2"]
[White "Berbati, Kadri"]
[Black "Gugler, Edgar"]
[Result "0-1"]
[WhiteElo "2007"]
[BlackElo "2145"]
[Annotator "Baden : Amstetten"]
[PlyCount "65"]
[EventDate "2008.10.01"]
[SourceDate "2008.10.17"]

1. e4 c6 2. d4 g6 3. Nf3 Bg7 4. Nc3 d5 5. e5 Nh6 6. Bf4 f6 7. Qe2 O-O 8. Qd2
Nf7 9. h4 Bg4 10. Nh2 fxe5 11. Nxg4 exf4 12. Qxf4 e5 13. dxe5 Nxe5 14. Qg3 Nxg4
15. Qxg4 Nd7 16. h5 Nf6 17. Qe6+ Kh8 18. O-O-O Nxh5 19. Bd3 Rxf2 20. Kb1 Qf6
21. Qh3 h6 22. Rdf1 Re8 23. g3 Qf3 24. Rxf2 Qxf2 25. Be2 Re3 26. Qg4 Nf6 27.
Qxg6 Rxe2 28. Nxe2 Qxe2 29. a3 Qe5 30. Qf7 Nd7 31. Rxh6+ Bxh6 32. Qxd7 Bg7 33.
Qxb7 {Rest nicht lesbar} 0-1